000 01165aab a2200241 i 4500
001 768714001
003 CO-MdFUSB
005 20240711170750.0
008 240711t2001 sz ||||| |||| 00| 0 eng d
040 _bspa
_cCO-MdFUSB
041 _aeng
100 1 _aDube, Musa W. (1964- )
_eautor
245 _aUnsettling the christian church
_c/ Musa W. Dube
520 _aLa invitación es a intentar escuchar nuevamente el mensaje de arrepentimiento como un mensaje que es apropiado para todos, un mensaje que debería unir a la iglesia en lugar de dividirla en la lucha contra el VIH/SIDA. El autor presenta tres imágenes: Juan el Bautista, predicando en el desierto; El duro sermón de Jesús en Mateo 23, y la imagen de su progenitora, madre de trece hijos, a quienes inmediatamente relacionó con la voz quejumbrosa de Raquel.
546 _aTexto en inglés.
650 7 _aIglesia
_9655
650 7 _aCristianismo
_922
650 0 _aConversión
_9950
653 _aVIH / SIDA
773 0 _tReformed World
_049396
_959515
_gVolumen 51, (número 4, 2001) páginas: 165 - 175
_qpágina: 165
942 _cANA
945 _aCatherine Arias Álvarez - Practicante SENA
999 _c55606
_d55606